Detalles MARC
| 000 -CABECERA |
| campo de control de longitud fija |
01198cam a2200289 a 4500 |
| 001 - NÚMERO DE CONTROL |
| campo de control |
000014445 |
| 005 - FECHA Y HORA DE LA ÚLTIMA TRANSACCIÓN |
| campo de control |
20200929163843.0 |
| 008 - DATOS DE LONGITUD FIJA--INFORMACIÓN GENERAL |
| campo de control de longitud fija |
010508s2000 ck a b f000 0 spa |
| 020 ## - NÚMERO INTERNACIONAL ESTÁNDAR DEL LIBRO |
| Número Internacional Estándar del Libro |
9588052564 |
| 035 ## - NÚMERO DE CONTROL DEL SISTEMA |
| Número de control de sistema |
(BoCbEI)la0101M0388 |
| 040 ## - FUENTE DE LA CATALOGACIÓN |
| Centro catalogador/agencia de origen |
DO-SdBNP |
| Centro/agencia transcriptor |
DLC |
| 050 00 - SIGNATURA TOPOGRÁFICA DE LA BIBLIOTECA DEL CONGRESO |
| Número de clasificación |
F2291.M4 |
| Número de documento/Ítem |
B58 2000 |
| 082 ## - NÚMERO DE LA CLASIFICACIÓN DECIMAL DEWEY |
| Número de clasificación |
NN |
| Número de documento/Ítem |
B562m |
| 049 ## - FONDOS LOCALES (OCLC) |
| Fondos de biblioteca |
BNGR |
| 100 1# - ENTRADA PRINCIPAL--NOMBRE DE PERSONA |
| Nombre de persona |
Betancur Gómez, Jorge Mario, |
| Fechas asociadas al nombre |
1964- |
| 9 (RLIN) |
32592 |
| 245 10 - MENCIÓN DE TÍTULO |
| Título |
Moscas de todos los colores : |
| Resto del título |
historia del barrio de Guayaquil en Medellín, 1894-1934 / |
| Mención de responsabilidad, etc. |
Jorge Mario Betancur Gómez. |
| 260 ## - PUBLICACIÓN, DISTRIBUCIÓN, ETC. |
| Lugar de publicación, distribución, etc. |
Colombia : |
| Nombre del editor, distribuidor, etc. |
Ministerio de Cultura, |
| Fecha de publicación, distribución, etc. |
2000. |
| 300 ## - DESCRIPCIÓN FÍSICA |
| Extensión |
482 p. : |
| Otras características físicas |
il. ; |
| Dimensiones |
21 cm. |
| 490 1# - MENCIÓN DE SERIE |
| Mención de serie |
Premios nacionales de cultura, 1998 |
| -- |
Historia |
| 504 ## - NOTA DE BIBLIOGRAFÍA, ETC. |
| Nota de bibliografía, etc. |
Incluye bibliografía: (p. 467-476) y nota al pie de las páginas. |
| 651 #0 - PUNTO DE ACCESO ADICIONAL DE MATERIA--NOMBRE GEOGRÁFICO |
| Nombre geográfico |
Guayaquil (Medellin, Colombia{Rpara} |
| Subdivisión general |
Social Life And Customs. |
| 9 (RLIN) |
32593 |
| 651 #0 - PUNTO DE ACCESO ADICIONAL DE MATERIA--NOMBRE GEOGRÁFICO |
| Nombre geográfico |
Medellin (Colombia{Rpara} |
| Subdivisión general |
Social Life And Customs. |
| 9 (RLIN) |
32594 |
| 651 #0 - PUNTO DE ACCESO ADICIONAL DE MATERIA--NOMBRE GEOGRÁFICO |
| Nombre geográfico |
Guayaquil (Medellin, Colombia{Rpara} |
| Subdivisión general |
Social Conditions. |
| 9 (RLIN) |
32595 |
| 651 #0 - PUNTO DE ACCESO ADICIONAL DE MATERIA--NOMBRE GEOGRÁFICO |
| Nombre geográfico |
Medellin (Colombia{Rpara} |
| Subdivisión general |
Social Conditions. |
| 9 (RLIN) |
32596 |
| 830 #0 - PUNTO DE ACCESO ADICIONAL DE SERIE-TÍTULO UNIFORME |
| Título uniforme |
Premios nacionales de cultura, 1998, |
| Nombre de parte o sección de la obra |
Historia |
| 9 (RLIN) |
32597 |
| 910 ## - DATOS DE OPCIÓN DEL USUARIO (OCLC) |
| Datos de opción del usuario |
Catalogación por copia / LC |